Principles and strategies of teaching / (Record no. 10590)

MARC details
000 -LEADER
fixed length control field 00640nam a22002057a 4500
003 - CONTROL NUMBER IDENTIFIER
control field URS
005 - DATE AND TIME OF LATEST TRANSACTION
control field 20250203165240.0
008 - FIXED-LENGTH DATA ELEMENTS--GENERAL INFORMATION
fixed length control field 190708b ||||| |||| 00| 0 eng d
020 ## - INTERNATIONAL STANDARD BOOK NUMBER
International Standard Book Number 9716856407
040 ## - CATALOGING SOURCE
Language of cataloging English
Transcribing agency URS
Description conventions rda
050 00 - LIBRARY OF CONGRESS CALL NUMBER
Classification number LB1025.3
Item number .C817 2003
100 ## - MAIN ENTRY--PERSONAL NAME
Personal name Corpuz, Brenda B.,
Relator term author.
245 ## - TITLE STATEMENT
Title Principles and strategies of teaching /
Statement of responsibility, etc Brenda B. Corpuz, Gloria G. Salandanan.
260 ## - PUBLICATION, DISTRIBUTION, ETC. (IMPRINT)
Place of publication, distribution, etc Quezon City :
Name of publisher, distributor, etc Lorimar Publishing,
Date of publication, distribution, etc ©2003.
300 ## - PHYSICAL DESCRIPTION
Extent 126 pages ;
Dimensions 26 cm.
504 ## - BIBLIOGRAPHY, ETC. NOTE
Bibliography, etc Includes bibliographical references.
650 #0 - SUBJECT ADDED ENTRY--TOPICAL TERM
Topical term or geographic name as entry element Teaching.
700 ## - ADDED ENTRY--PERSONAL NAME
Personal name Salandanan, Gloria G.,
Relator term author.
942 ## - ADDED ENTRY ELEMENTS (KOHA)
Source of classification or shelving scheme Library of Congress Classification
Koha item type Filipiniana
Holdings
Withdrawn status Lost status Source of classification or shelving scheme Damaged status Not for loan Collection code Home library Current library Shelving location Date acquired Source of acquisition Cost, normal purchase price Total Checkouts Full call number Barcode Date last seen Copy number Cost, replacement price Koha item type
    Library of Congress Classification     Non-fiction Taytay College Library Taytay College Library Filipiniana Section 07/08/2019 Purchased 180.00   LB1025.3 .C817 2003 URSTAY-1563 06/02/2025 1 180.00 Filipiniana
  Lost Library of Congress Classification     Non-fiction Taytay College Library Taytay College Library Filipiniana Section 07/08/2019 Purchased 180.00   LB1025.3 .C817 2003 URSTAY-1564 07/08/2019 2 180.00 Filipiniana

University of Rizal System
Email us at univlibservices@urs.edu.ph

Visit our Website www.urs.edu.ph/library